000 01340nam a22002657a 4500
005 20170124103218.0
010 _aB-066562
020 _c80.00
035 _aB-066562
037 _bCen Lib/Ret
040 _aDPL
_bHN
082 _a380
_bछाबड़ा
100 _aछाबड़ा, टी.एन.
_9109175
245 _aव्यवसाय अध्ययन :
_cटी.एन. छाबड़ा ; अनुवादक मीरा रंजन
_bव्यवसाय के आधार तथा कंपनी संगठन , वित्त एवं व्यावापर /
246 _avyavasay adhyayan : vyavasay ke adhar tatha company sangathan vitt evam vyapar /
_bby T.N. Chabara ; anuvadak Meera Ranjan
260 _aनयी दिल्ली
_bआर्य पब्लिकेशन
_c2002
270 _bनयी दिल्ली
_a30, नाईवाला , करोल बाग
_e110005
300 _a330पृ
_c22सेमी(सजिल्द )
650 _aव्यवसाय अध्ययन
_x
_z
_9109176
650 _aकंपनी संगठन
_9109177
650 _aBusiness Studies
_9109178
650 _aCompany organization
_9100003
700 _aरंजन मीरा
_9109179
942 _2ddc
_cHN
_h380
_mछाबड़ा
999 _c121640
_d121640